000 01228nam a2200325 i 4500
003 EG-GICUC
005 20260421132444.0
008 260421s1962 ua ||||fr|||| 000 0 ara d
040 _a EG-GICUC
_bara
_c EG-GICUC
_d EG-GICUC
_erda
041 0 _aara
082 0 4 _221
_a345.2
_bس ل . و
092 0 4 _221
099 _aLaw1 07 345.2 س ل . و 1962
100 0 _aسليمان محمد الطحاوي.
_eمؤلف.
245 1 2 _aتازجيز في نظم الحكم والإدارة /
_cسليمان محمد الطحاوي.
250 _aالطبعة الأولى.
264 1 _aالقاهرة :
_bدار الفكر العربي ؛
_c1962.
264 3 _aالقاهرة :
_bدار الحمامي للطباعة،
_c1962.
300 _a466 صفحة، صفحات غير مرقمة ؛
_c24 سم.
336 _2rda content
_atext
337 _2rda media
_aComputer
338 _2rda carrier
_aOnline Resource
504 _aيشتمل على إرجاعات ببليوجرافية.
546 _aالنص باللغة العربية
650 1 _aالتنظيم الإداري.
_2qrmak
651 1 _2qrmak
856 4 0 _uhttps://fll.law.cu.edu.eg/fulltext/bks/B07-01042.pdf
905 _a62
942 _2ddc
_n0
_cBK
_e21
999 _c72544
_d72544